[Event "Elancourt op"]
[Site "Elancourt"]
[Date "2006.04.18"]
[Round "3"]
[White "Crusco, Francois"]
[Black "Gourvil, Jean Luc"]
[Result "0-1"]
[WhiteElo "1270"]
[BlackElo "1480"]
[PlyCount "122"]
[EventDate "2006.04.16"]
[EventType "swiss"]
[EventRounds "9"]
[EventCountry "FRA"]
[SourceTitle "CBM 111 Extra"]
[Source "ChessBase"]
[SourceDate "2006.05.09"]
[SourceVersion "1"]
[SourceVersionDate "2006.05.09"]
[SourceQuality "1"]

1. e4 c6 2. Nf3 d5 3. d3 Bg4 4. Be2 Nd7 5. Nbd2 e5 6. b3 Ngf6 7. Bb2 d4 8. Rc1 Bd6 9. a3 0-0 10. b4 b6 11. Nc4 Qc7 12. Nxd6 Qxd6 13. h3 Be6 14. Ng5 Rfe8 15. Nxe6 Rxe6 16. g4 c5 17. g5 Ne8 18. Qd2 g6 19. Bg4 Re7 20. Rb1 f6 21. f3 Rf7 22. Ke2 Qe7 23. h4 Ng7 24. Rbf1 f5 25. exf5 Nxf5 26. Bxf5 Rxf5 27. Kd1 Raf8 28. Rh3 Qf7 29. Qg2 Qa2 30. Bc1 cxb4 31. axb4 a5 32. bxa5 bxa5 33. h5 Kg7 34. hxg6 Kxg6 35. Qh1 Rh8 36. Rh6+ Kg7 37. Qh5 Qf7 38. Qg4 Nf8 39. Qh3 Ng6 40. Qg4 Nf4 41. Bxf4 Rxf4 42. Qh3 Qf5 43. Qxf5 Rxf5 44. Ke2 Rxg5 45. Ra6 h5 46. Rxa5 h4 47. Kf2 h3 48. Rh1 Kf6 49. Raa1 Rg2+ 50. Kf1 Rxc2 51. Re1 Rd2 52. Re2 Rxd3 53. Reh2 Rxf3+ 54. Ke2 Ra3 55. Rf1+ Ke6 56. Rf3 Ra2+ 57. Kf1 Rxh2 58. Kg1 Ra2 59. Rg3 h2+ 60. Kh1 Ra1+ 61. Rg1 Rxg1# 0-1

[Event "Elancourt op"]
[Site "Elancourt"]
[Date "2006.04.18"]
[Round "4"]
[White "Guillet, Killian"]
[Black "Crusco, Francois"]
[Result "1-0"]
[WhiteElo "1080"]
[BlackElo "1270"]
[PlyCount "117"]
[EventDate "2006.04.16"]
[EventType "swiss"]
[EventRounds "9"]
[EventCountry "FRA"]
[SourceTitle "CBM 111 Extra"]
[Source "ChessBase"]
[SourceDate "2006.05.09"]
[SourceVersion "1"]
[SourceVersionDate "2006.05.09"]
[SourceQuality "1"]

1. c4 Nf6 2. d4 b6 3. Nc3 e6 4. e4 d6 5. Nf3 h6 6. Bd3 Be7 7. Bf4 Bb7 8. e5 Nh5 9. exd6 cxd6 10. Be3 Nd7 11. 0-0 Ndf6 12. Re1 Qc7 13. Qa4+ Bc6 14. Nb5 Qd7 15. b4 0-0 16. Rad1 a6 17. d5 axb5 18. dxc6 Qxc6 19. Qxb5 Qxb5 20. cxb5 Rxa2 21. Bxb6 Nd5 22. Bd4 Nxb4 23. Bc4 d5 24. Bxa2 Nxa2 25. b6 Bb4 26. Re5 Nf4 27. b7 Bd6 28. Re3 Nb4 29. Ra1 Nc2 30. Ra8 Nxe3 31. Bxe3 Ng6 32. Bc5 Bxc5 33. Rxf8+ Bxf8 34. b8Q Kh7 35. Ne5 Nxe5 36. Qxe5 Be7 37. Qc7 Bf6 38. Qxf7 d4 39. Qxe6 d3 40. Qe4+ g6 41. Qxd3 Kg7 42. Qd7+ Kf8 43. Qh7 Bg7 44. Qxg6 Kg8 45. f4 Kh8 46. f5 h5 47. Qxh5+ Kg8 48. Qg6 Kh8 49. f6 Bxf6 50. Qxf6+ Kg8 51. Qa6 Kg7 52. h4 Kh7 53. g4 Kg7 54. h5 Kh7 55. g5 Kg7 56. h6+ Kh7 57. Qb6 Kh8 58. Qc7 Kg8 59. Qg7# 1-0